América Latina y el Caribe : ayer, hoy y mañana?
Сохранить в:
| Соавтор: | |
|---|---|
| Формат: | |
| Опубликовано: |
Nueva York : Naciones Unidas
[1999?]
|
| Предметы: | |
| Метки: |
Добавить метку
Нет меток, Требуется 1-ая метка записи!
|
MARC
| LEADER | 00000nam a2200000Ia 4500 | ||
|---|---|---|---|
| 003 | 000445 | ||
| 005 | 20221231144024.0 | ||
| 008 | 140114s19 n a 000 ||s d | ||
| 040 | |c cru CEDI | ||
| 082 | |a 330.98 A512ac | ||
| 110 | |9 18357 |a CEPAL | ||
| 245 | |a América Latina y el Caribe : ayer, hoy y mañana? | ||
| 260 | |a Nueva York : Naciones Unidas |c [1999?] | ||
| 300 | |a 85 páginas | ||
| 500 | |a "Una colección de publicaciones impresas por la Comisión Económica para América Latina y el Caribe(CEPAL)" | ||
| 650 | |x CONDICIONES ECONOMICAS |x POBLACION |x POLITICA SOCIAL |x AMERICA LATINA |x DESARROLLO SOCIAL |x REGION DEL CARIBE |9 18358 | ||
| 942 | |2 ddc |c BK | ||
| 999 | |c 15729 |d 15729 | ||
